Pointercrate List Demons A-Z - Statistics

General Stats
  • This quiz has been taken 29 times
  • The average score is 19 of 25
Answer Stats
Letter Answer % Correct
B Bloodlust | Boogie | Black Flag | BBBBBBBBBBBBBBBBBBBB | Belloq | Bausha Vortex
100%
D Descent Into Exile | Deimos | Dubkore X | Dark Flare | Ddiamond | Devil Vortex | Delebit Oblivio | Digital Descent | Delta Interface | Demonicat
95%
S Slaughterhouse | Sakupen Circles | Sonic Wave Infinity | SARY NEVER CLEAR | Silent Club | Sparkling | Sigma | Spectrum Cyclone | Storming Summit | Spacial Rend | Sink | Sonic Wave Rebirth | Sonic Wave | Shutdown | Sephiroth | Sunset Sandstorm | super probably level | Stygian Machinery | Stalemate Redux | Step To Hell | Solarion | Spectrum Rave
95%
T Tartarus | Trueffet | The Golden | Thinking Space | The Rupture | Terminux | The Yandere | Titan Complex | The Reaper | The Moon Below | Tapwreck | Timor | TheCinnyBun | Tempered Steel | The Hell Field | The Hell Zone
95%
A arcturus | Akashic Records | Asterios | Aronia | Arctic Lights | ATOMIC CANNON | Aquatic Auroras | Altered Ascent | Auroral Darkness | Artificial Ascent | Aesthetic
89%
F Firework | Fragile | Frozen Cave | Freedom08 | Factory Realm X | Fabrication
84%
K Kenos | Keres | Kappa | kowareta | Kuzureta | Killbot
84%
O Omega Interface | Ouroboros | Omega | Omicron | Occult Outcry
84%
Z Zodiac | ZAPHKIEL
84%
C Crimson Planet | Calculator Core | Cold Sweat | Cognition | Cosmic Cyclone | Congregation | CHROMA FINALE | Calamity | Cybernetic Crescent | Cersia Difficult | Celestial Force | Catalyze | Chromatic Haze | Cadrega City | Crystal
79%
G Gamma | Generic Wave | Glowy
79%
P Promethean | Plasma Pulse Finale | Paroxysm | Photovoltaic II
79%
W Wasureta | WOW
79%
Y Yatagarasu | Yuh
79%
E Eternal Moment | Edge of the Blade | Erebus | Ethereal Artifice
74%
R Renevant | RUST | Ragnarok | Requiem | Rage | RELENTLESS | RGB | Rate Demon
74%
X xo
74%
N Nhelv | Necromancer | Night Rider | Never Beat It
68%
Q Quantum Theory | Quantum Dynamix | Quantum Processing
68%
V Verdant Landscape | Visible Ray | vaenstep | Void Wave
63%
L Lotus Flower | Lucid Nightmares | Lucid Chaos | Luxtra
58%
H Hard Machine | Hyper Paracosm
53%
M Molten Core | Macabre | Mirrored Calamity | Molten Gear | Missing Benefits | Mind Control
53%
I Infinite Iniquity | Icotact
47%
J Jamboree
42%
No matching quizzes found
Score Distribution
Percent of People with Each Score
Percentile by Number Answered
Your Score History
You have not taken this quiz